Juan Vázquez (Record no. 126415)

MARC details
000 -LEADER
campo de control de longitud fija 00792nam a2200205 4500
001 - NÚMERO DE CONTROL
campo de control 126415
003 - IDENTIFICADOR DE NÚMERO DE CONTROL
campo de control ES-MaACL
005 - FECHA Y HORA DE LA ÚLTIMA TRANSACCIÓN
campo de control 20251003185427.0
007 - CAMPO FIJO DE DESCRIPCIÓN FÍSICA--INFORMACIÓN GENERAL
campo de control de longitud fija t|
008 - DATOS DE LONGITUD FIJA--INFORMACIÓN GENERAL
campo de control de longitud fija 070214s1946 sp r ||||1| spa d
100 1# - ENTRADA PRINCIPAL--NOMBRE DE PERSONA
Nombre de persona Vásquez, Juan.
9 (RLIN) 113278
245 10 - MENCIÓN DEL TÍTULO
Título Juan Vázquez
Resto del título : `recopilación de sonetos y villancicos a quatro y a cinco` (Sevilla 1560) /
Mención de responsabilidad, etc. transcripción y estudio por Higinio Anglés.
260 ## - PUBLICACIÓN, DISTRIBUCIÓN, ETC.
Lugar de publicación, distribución, etc. Barcelona :
Nombre del editor, distribuidor, etc. [s.n.],
Fecha de publicación, distribución, etc. 1946.
300 ## - DESCRIPCIÓN FÍSICA
Extensión VIII, 48 p., 227 p. ;
Dimensiones 32 cm.
500 ## - NOTA GENERAL
Nota general Precede al tít.: Consejo Superior de Investigaciones Científicas. Instituto Español de Musicología.
700 1# - ENTRADA AGREGADA--NOMBRE PERSONAL
Nombre de persona Anglés, Higinio,
Fechas asociadas al nombre 1888-1969
9 (RLIN) 21747
710 2# - ENTRADA AGREGADA--NOMBRE DE ENTIDAD CORPORATIVA
Nombre de entidad corporativa o nombre de jurisdicción como elemento de entrada Instituto Español de Musicología.
9 (RLIN) 5046
852 ## - LOCALIZACIÓN
Ubicación ES-MaACL
Número de control de estantería C-55016
Sublocalización o colección R.87867
Holdings
Estatus retirado Estado de pérdida Estado de daño No para préstamo Biblioteca de origen Biblioteca actual Ubicación en estantería Fecha de adquisición Fuente de adquisición Total de préstamos Signatura topográfica completa Código de barras Visto por última vez Precio de reemplazo Tipo de ítem Koha
        Biblioteca del Ateneo de Madrid Biblioteca del Ateneo de Madrid Depósito 2 17/01/2008     C-55016 1131668 23/02/2023 23/02/2023 Libro impreso